Diseño de 1000 mts. de pavimento articulado y obras de drenaje complementarias en el tramo de camino Las Limas – Paso León, Estelí
El presente trabajo consiste en diseñar la estructura de 1000 metros de pavimento articulado y obras de drenaje complementarias entre el camino Las Limas – Paso León, dicho tramo está ubicado al noreste de la ciudad de Estelí. Se utilizará los criterios y normas técnicas de la AASHTO 93, y pa...
| Main Authors: | , , |
|---|---|
| Other Authors: | |
| Format: | Tesis Section = Libro |
| Language: | Undetermined Spanish |
| Published: |
Managua
UNI/RUACS
2019
|
| Subjects: |
| LEADER | 01389nam a2200277Ia 4500 | ||
|---|---|---|---|
| 008 | 240830s9999 xx 000 0 und d | ||
| 040 | |a BIBLIOTECA-RUPAP Mon 625.85 C397 | ||
| 041 | |a spa | ||
| 082 | |a Mon 625.85 C397 | ||
| 100 | 1 | |a Centeno Rugama, Zaretz Abraham | |
| 100 | 1 | |b Pineda Rodríguez, Krisnia Mariell | |
| 100 | 1 | |c Zeledón Somarriba, Jorge Andrés | |
| 245 | 1 | 0 | |a Diseño de 1000 mts. de pavimento articulado y obras de drenaje complementarias en el tramo de camino Las Limas – Paso León, Estelí |
| 260 | |a Managua |b UNI/RUACS |c 2019 | ||
| 300 | |a 92 p. :il. | ||
| 500 | |a Contiene: anexos y CD. | ||
| 502 | |a Tesis (Ingeniero Civil)- UNI, 2019. | ||
| 520 | 3 | |a El presente trabajo consiste en diseñar la estructura de 1000 metros de pavimento articulado y obras de drenaje complementarias entre el camino Las Limas – Paso León, dicho tramo está ubicado al noreste de la ciudad de Estelí. Se utilizará los criterios y normas técnicas de la AASHTO 93, y para señalización vial se utilizará el Manual Centroamericano de Dispositivos Uniformes para el Control de Tránsito (SIECA). | |
| 650 | 7 | |a PAVIMENTOS | |
| 650 | 7 | |b PAVIMENTOS-DISEÑO Y CONSTRUCCION | |
| 650 | 7 | |c PAVIMENTOS DE HORMIGON | |
| 650 | 7 | |d CAMINOS-MANTENIMIENTO Y REPARACION | |
| 700 | 1 | |a Tutor: |b Bustamante Arteaga, José | |
| 942 | |c BK |2 ddc | ||
| 991 | |a TESIS | ||
| 999 | |c 16071 | ||